Datum a čas kvízu
30
Celkem bodů
Celkový počet nahraných bodů na tomto kvízu bez doplňovacích otázek.
5.
Pořadí na kvízu
Konečné umístění týmu na tomto kvízu.
Zaznamenané odpovědi
| # | Otázka | Odpověď | Body | Výsledky |
|---|---|---|---|---|
| 1. | Který 63letý muž se ve čtvrtek... | Jiří Kajínek | 0 | |
| 2. | Papež František schválil svato... | Boží influencer | 0 | |
| 3. | V minulém týdnu česká média in... | Jeremy Clarkson | 1 | |
| 4. | Je možné, že si v brzké době p... | Mondeléz (Mondeléz International) | 1 | |
| 5. | „Bohužel nemám dobré zprávy. K... | Patrik Kincl | 0 | |
| 6. | Středověk bývá obvykle ohranič... | D | 1 | |
| 7. | Jak se jmenoval významný střed... | Magna Carta (Magna charta libertatum) | 1 | |
| 8. | Přemyslovci v českých zemích v... | C | 0 | |
| 9. | Vytvořte z těchto středověkých... | 1B 2A 3D 4C | 1 | |
| 10. | Závěrem tématu se podíváme na... | šlojíř, šlář | 1 |